Caucasus Flag Quiz Yellow Box - Statistics

General Stats
  • This quiz has been taken 150 times
  • The average score is 7 of 8
Answer Stats
Picture Answer % Correct
Russia
100%
Azerbaijan
99%
Georgia
98%
Armenia
96%
Turkey
90%
Abkhazia
70%
South Ossetia
69%
Artsakh
65%
No matching quizzes found
Score Distribution
Percent of People with Each Score
Percentile by Number Answered
Your Score History
You have not taken this quiz